Normal view
MARC view
Entry Topical Term
001 - CONTROL NUMBER
- control field: 259104
003 - CONTROL NUMBER IDENTIFIER
- control field: OSt
005 - DATE AND TIME OF LATEST TRANSACTION
- control field: 20260324093448.0
008 - FIXED-LENGTH DATA ELEMENTS
- fixed length control field: 260324|| aca||aabn | a|a d
040 ## - CATALOGING SOURCE
- Original cataloging agency: OSt
- Transcribing agency: OSt
150 ## - HEADING--TOPICAL TERM
- Topical term or geographic name entry element: Normal forms
670 ## - SOURCE DATA FOUND
- Source citation: Work cat.: (OSt)194768: Vasanthi, M. 259103, Mathematical foundation for computer science /, 2013.